|
|
|
|
| LEADER |
00000cam a22000004a 4500 |
| 001 |
musev2_3732 |
| 003 |
MdBmJHUP |
| 005 |
20230905040449.0 |
| 006 |
m o d |
| 007 |
cr||||||||nn|n |
| 008 |
090408s2009 pau o 00 0 eng d |
| 010 |
|
|
|z 2009014285
|
| 020 |
|
|
|a 9780822977667
|
| 020 |
|
|
|z 0822977664
|
| 020 |
|
|
|z 9780822943778
|
| 020 |
|
|
|z 0822943778
|
| 035 |
|
|
|a (OCoLC)794702163
|
| 040 |
|
|
|a MdBmJHUP
|c MdBmJHUP
|
| 043 |
|
|
|a n-us-pa
|
| 050 |
0 |
4 |
|a HD6247.G52
|b U545 2009
|
| 082 |
0 |
|
|a 331.3/10974886
|2 22
|
| 100 |
1 |
|
|a Flannery, James L.
|
| 245 |
1 |
4 |
|a The Glass House Boys of Pittsburgh :
|b Law, Technology, and Child Labor /
|c James L. Flannery.
|
| 264 |
|
1 |
|a Pittsburgh, Pa. :
|b University of Pittsburgh Press,
|c 2009.
|
| 264 |
|
3 |
|a Baltimore, Md. :
|b Project MUSE,
|c 2012
|
| 264 |
|
4 |
|c ©2009.
|
| 300 |
|
|
|a 1 online resource (248 pages):
|b ill. ;
|
| 336 |
|
|
|a text
|b txt
|2 rdacontent
|
| 337 |
|
|
|a computer
|b c
|2 rdamedia
|
| 338 |
|
|
|a online resource
|b cr
|2 rdacarrier
|
| 504 |
|
|
|a Includes bibliographical references and index.
|
| 505 |
0 |
|
|a Child labor reforms and the National Child Labor Committee -- Progressive reform and child labor in the Pennsylvania glass industry -- Glass house owners and the politics of glass -- The Pittsburgh glass workers and the glass bottle union -- School law and compulsory education in Pennsylvania -- Child labor laws in Pennsylvania.
|
| 588 |
|
|
|a Description based on print version record.
|
| 650 |
|
0 |
|a Educational law and legislation
|z Pennsylvania
|x History.
|
| 650 |
|
0 |
|a Glass trade
|x Law and legislation
|z Pennsylvania
|x History.
|
| 650 |
|
0 |
|a Glass trade
|z Pennsylvania
|z Pittsburgh
|x History.
|
| 650 |
|
0 |
|a Child labor
|x Law and legislation
|z Pennsylvania
|x History.
|
| 650 |
|
0 |
|a Child labor
|z Pennsylvania
|z Pittsburgh
|x History.
|
| 655 |
|
7 |
|a Electronic books.
|2 local
|
| 710 |
2 |
|
|a Project Muse.
|e distributor
|
| 830 |
|
0 |
|a Book collections on Project MUSE.
|
| 856 |
4 |
0 |
|z Texto completo
|u https://projectmuse.uam.elogim.com/book/3732/
|
| 945 |
|
|
|a Project MUSE - Custom Collection
|
| 945 |
|
|
|a Project MUSE - Archive Complete Foundation
|
| 945 |
|
|
|a Project MUSE - Archive US Regional Studies, New England and Mid Atlantic Foundation
|